| 000 | 00741cam a22002173a 4500 | ||
|---|---|---|---|
| 001 | 40473 | ||
| 003 | PGUSA | ||
| 005 | 20140828083914.0 | ||
| 008 | 120814s2012||||xxu|||||s|||||000 | eng d | ||
| 040 |
_aPGUSA _beng |
||
| 042 | _adc | ||
| 100 | 1 |
_aHaeckel, Ernst, _d1834-1919 |
|
| 245 | 1 | 4 |
_aThe History of Creation, Vol. II (of 2) : _bOr the Development of the Earth and its Inhabitants by the Action of Natural Causes _h[electronic resource] / _cErnst Haeckel |
| 260 |
_bProject Gutenberg, _c2012 |
||
| 506 | _aPublic domain in the USA. | ||
| 516 | _aElectronic text | ||
| 700 | 1 |
_aLankester, E. Ray, _cSir _q(Edwin Ray), _d1847-1929 |
|
| 830 | 0 |
_aProject Gutenberg _v40473 |
|
| 856 | 4 | 0 | _uhttp://www.gutenberg.org/ebooks/40473 |
| 942 | _cEB | ||
| 999 |
_c269726 _d269726 |
||